000 00534nam a2200205Ia 4500
005 20240823032327.0
008 240823s9999||||xx |||||||||||||| ||und||
020 _a978-81-317-1412-6
041 _aENGLISH
082 _A621.381 Q2
100 _a"Johnson,Howard"
245 0 _aHigh Speed Digital Design: A HAndbook of Black magic
250 _a1st
260 _c2012
_bPearson Education Internat
500 _aTRANSFERED
650 _ahigh Speed
_bElectronics
700 _a" Graham,Martin"
942 _cBK
999 _c193186
_d193186